The complete divorce recovery handbook / (Record no. 9460)
[ view plain ]
| 000 -LEADER | |
|---|---|
| fixed length control field | 01483pam a2200361 i 4500 |
| 001 - CONTROL NUMBER | |
| control field | 24871559 |
| 003 - CONTROL NUMBER IDENTIFIER | |
| control field | OSt |
| 005 - DATE AND TIME OF LATEST TRANSACTION | |
| control field | 20210114162854.0 |
| 008 - FIXED-LENGTH DATA ELEMENTS--GENERAL INFORMATION | |
| fixed length control field | 911030s1992 miua 000 0 eng |
| 010 ## - LIBRARY OF CONGRESS CONTROL NUMBER | |
| LC control number | 91040785 |
| 020 ## - INTERNATIONAL STANDARD BOOK NUMBER | |
| International Standard Book Number | 0310573912 (pbk.) |
| 035 01 - SYSTEM CONTROL NUMBER | |
| System control number | 91040785 |
| 040 ## - CATALOGING SOURCE | |
| Original cataloging agency | DLC |
| Language of cataloging | eng |
| Description conventions | rda |
| Transcribing agency | DLC |
| Modifying agency | STU |
| 043 ## - GEOGRAPHIC AREA CODE | |
| Geographic area code | n-us--- |
| 050 00 - LIBRARY OF CONGRESS CALL NUMBER | |
| Classification number | HQ834 |
| Item number | .S7 |
| 082 00 - DEWEY DECIMAL CLASSIFICATION NUMBER | |
| Classification number | 306.89 |
| Edition number | 20 |
| 100 1# - MAIN ENTRY--PERSONAL NAME | |
| Personal name | Splinter, John P. |
| Authority record control number or standard number | http://id.loc.gov/authorities/names/n87843984 |
| 245 14 - TITLE STATEMENT | |
| Title | The complete divorce recovery handbook / |
| Statement of responsibility, etc. | John P. Splinter. |
| 264 #1 - PRODUCTION, PUBLICATION, DISTRIBUTION, MANUFACTURE, AND COPYRIGHT NOTICE | |
| Place of production, publication, distribution, manufacture | Grand Rapids, Mich. : |
| Name of producer, publisher, distributor, manufacturer | Zondervan, |
| Date of production, publication, distribution, manufacture, or copyright notice | [1992] |
| 264 #4 - PRODUCTION, PUBLICATION, DISTRIBUTION, MANUFACTURE, AND COPYRIGHT NOTICE | |
| Date of production, publication, distribution, manufacture, or copyright notice | ©1992 |
| 300 ## - PHYSICAL DESCRIPTION | |
| Extent | 254 pages : |
| Other physical details | illustrations ; |
| Dimensions | 21 cm. |
| 336 ## - CONTENT TYPE | |
| Content type term | text |
| Content type code | txt |
| Source | rdacontent |
| 337 ## - MEDIA TYPE | |
| Media type term | unmediated |
| Media type code | n |
| Source | rdamedia |
| 338 ## - CARRIER TYPE | |
| Carrier type term | volume |
| Carrier type code | nc |
| Source | rdacarrier |
| 490 1# - SERIES STATEMENT | |
| Series statement | Lifelines for recovery series |
| 500 ## - GENERAL NOTE | |
| General note | "A revised edition of Second Chapter." |
| 650 #0 - SUBJECT ADDED ENTRY--TOPICAL TERM | |
| Topical term or geographic name entry element | Divorce |
| Geographic subdivision | United States |
| General subdivision | Psychological aspects. |
| Authority record control number or standard number | http://id.loc.gov/authorities/subjects/sh2009123613 |
| 650 #0 - SUBJECT ADDED ENTRY--TOPICAL TERM | |
| Topical term or geographic name entry element | Divorced people |
| Authority record control number or standard number | http://id.loc.gov/authorities/subjects/sh85038648 |
| Geographic subdivision | United States |
| Authority record control number or standard number | http://id.loc.gov/authorities/names/n78095330 |
| General subdivision | Psychology. |
| Authority record control number or standard number | http://id.loc.gov/authorities/subjects/sh2002011487 |
| 650 #0 - SUBJECT ADDED ENTRY--TOPICAL TERM | |
| Topical term or geographic name entry element | Divorce |
| General subdivision | Religious aspects |
| -- | Christianity. |
| Authority record control number or standard number | http://id.loc.gov/authorities/subjects/sh2008102329 |
| 700 1# - ADDED ENTRY--PERSONAL NAME | |
| Personal name | Splinter, John P. |
| Title of a work | Second Chapter. |
| 830 #0 - SERIES ADDED ENTRY--UNIFORM TITLE | |
| Uniform title | Lifelines for recovery. |
| Authority record control number or standard number | http://id.loc.gov/authorities/names/n90664151 |
| 942 ## - ADDED ENTRY ELEMENTS (KOHA) | |
| Source of classification or shelving scheme | Dewey Decimal Classification |
| Koha item type | Books |
| Withdrawn status | Lost status | Source of classification or shelving scheme | Damaged status | Not for loan | Collection code | Home library | Current library | Shelving location | Date acquired | Total Checkouts | Full call number | Barcode | Date last seen | Price effective from | Koha item type |
|---|---|---|---|---|---|---|---|---|---|---|---|---|---|---|---|
| Dewey Decimal Classification | Non-fiction | Harvest Mission College | Harvest Mission College | General Stacks | 21.01.2021 | 306.89 SP761C | 010775 | 21.01.2021 | 21.01.2021 | Books |
